Refrigeration and air conditioning (Record no. 5540)
[ view plain ]
| 000 -LEADER | |
|---|---|
| fixed length control field | 00556nam a2200169Ia 4500 |
| 003 - CONTROL NUMBER IDENTIFIER | |
| control field | SGT |
| 020 ## - INTERNATIONAL STANDARD BOOK NUMBER | |
| International Standard Book Number | 9780070083905 |
| 082 ## - DEWEY DECIMAL CLASSIFICATION NUMBER | |
| Classification number | 621.56 |
| Item number | ARO |
| 100 ## - MAIN ENTRY--PERSONAL NAME | |
| Personal name | Arora,C.P. |
| 245 ## - TITLE STATEMENT | |
| Title | Refrigeration and air conditioning |
| 250 ## - EDITION STATEMENT | |
| Edition statement | 3rd Ed. |
| 260 ## - PUBLICATION, DISTRIBUTION, ETC. (IMPRINT) | |
| Name of publisher, distributor, etc | Tata McGraw Hill Education Private Limited |
| Place of publication, distribution, etc | New Delhi |
| Year of Publication | 2013 |
| 300 ## - PAGE DESCRIPTION | |
| No. of Pages | 924p. |
| 650 ## - SUBJECT ADDED ENTRY--TOPICAL TERM | |
| Topical term or geographic name as entry element | MECHANICAL INGINEERING |
| 653 ## - KEYWORDS--INDEX TERM | |
| Keyword term | INTRODUCTION,REFRIGERANTS,REFRIGERATING MACHINE AND REVERSED CARNOT CYCLE,MULTIPRESSURE SYSTEMS,REFRIGERANT COMPRESSORS,CONDENSERS,EXPANSION DEVICES |
| 942 ## - ADDED ENTRY ELEMENTS (KOHA) | |
| Source of classification or shelving scheme | Dewey Decimal Classification |
| Koha item type | Books |
| Withdrawn status | Lost status | Source of classification or shelving scheme | Damaged status | Not for loan | Home library | Current library | Date acquired | SGTU | Total Checkouts | Full call number | Accession No. (Barcode) | Date last seen | Bill Date | Koha item type | Total Renewals | Checked out | Date last borrowed |
|---|---|---|---|---|---|---|---|---|---|---|---|---|---|---|---|---|---|
| Dewey Decimal Classification | SGT Engineering Library | SGT Engineering Library | 30/05/2013 | SGTU | 621.56 ARO | FE5788 | 09/02/2015 | 09/02/2015 | Books | ||||||||
| Dewey Decimal Classification | SGT Engineering Library | SGT Engineering Library | 30/05/2013 | SGTU | 3 | 621.56 ARO | FE5789 | 19/11/2018 | 09/02/2015 | Books | 2 | 03/12/2018 | 19/11/2018 | ||||
| Dewey Decimal Classification | SGT Engineering Library | SGT Engineering Library | 31/05/2013 | SGTU | 4 | 621.56 ARO | FE6099 | 26/12/2020 | 09/02/2015 | Books | 1 | 15/10/2020 | |||||
| Dewey Decimal Classification | SGT Engineering Library | SGT Engineering Library | 31/05/2013 | SGTU | 3 | 621.56 ARO | FE6100 | 13/12/2018 | 09/02/2015 | Books | 1 | 05/12/2018 | |||||
| Dewey Decimal Classification | SGT Engineering Library | SGT Engineering Library | 31/05/2013 | SGTU | 4 | 621.56 ARO | FE6101 | 13/12/2018 | 09/02/2015 | Books | 1 | 11/12/2018 |